|
|
|
|
| LEADER |
00000cam a2200000 7i4500 |
| 001 |
0000001695 |
| 005 |
20021212.0 |
| 090 |
0 |
0 |
|a JPSM333.784
|b FOR 1982
|
| 245 |
0 |
0 |
|a FOREST recreational facilities :
|b a guide
|c compiled by R. Wohlfarth
|
| 260 |
0 |
0 |
|a Kuala Lumpur :
|b Jabatan Perhutanan Semenanjung Malaysia ,
|c 1982
|
| 300 |
|
|
|a v, 106 p. :
|b ill. ;
|c 30 cm.
|
| 440 |
0 |
0 |
|a Jabatan Perhutanan Semenanjung Malaysia technical bulletin; no.1/82
|
| 650 |
0 |
0 |
|a Forest reserves
|x Recreational use
|
| 650 |
0 |
0 |
|a Parks
|
| 700 |
0 |
1 |
|a Wohlfarth
|h R.
|
| 998 |
|
|
|a JPSM
|
| 999 |
|
|
|a 0000002788
|b Monograph
|c Open Shelf
|e Default branch
|
| 999 |
|
|
|a 0000002789
|b Monograph
|c Open Shelf
|e Default branch
|
| 999 |
|
|
|a 0000003137
|b Monograph
|c Open Shelf
|e Default branch
|
| 999 |
|
|
|a 0000005874
|b Monograph
|c Open Shelf
|e Default branch
|
| 999 |
|
|
|a 0000005875
|b Monograph
|c Open Shelf
|e Default branch
|